000 00780nas a2200241 4500
001 BR9207898
003 BR-BrBNA
005 20231205093045.0
007 ta
008 230509b bl.|||p| |||| 00| 00por d
040 _aBR-BrBNA
_bpor
_cBiblioteca Nacional de Agricultura
041 _a(Pt)
072 _aM11
100 1 _aWosiacki, W.B.
245 1 _aSobre a ictiofauna registrada na reserva florestal de Guaricana (Parana)
246 1 _aThe ichthyofauna recorded in the Guaricana forest reserve (Parana, Brazil)
650 _aICTIOLOGIA
650 _aFAUNA
650 _aPARANÁ
773 0 _tArquivos de Biologia e Tecnologia (Brazil)
_xISSN 0365-0979
_g(Oct 1990), v. 33(3) p. 527-534
_wBR9207898
909 _a202311
_bLúcia
_c55
_dLúcia Elande
942 _2AGRIS
_n0
_cANA
999 _c135937
_d135937